| 000 | 00356nam a2200121Ia 4500 | ||
|---|---|---|---|
| 005 | 20260328104253.0 | ||
| 008 | 260328s9999||||xx |||||||||||||| ||und|| | ||
| 100 | _aThe Aga Khan Award for Architecture | ||
| 245 | 0 |
_aArchitecture for a Changing World / _cThe Aga Khan Award for Architecture |
|
| 260 | _bFISA | ||
| 650 | _aARQUITECTURA REGIONAL | ||
| 942 | _cBK | ||
| 999 |
_c10310 _d10310 |
||